Memorandum to Parliament Submitted by: Ken Ofori-Atta (Minister for Finance) Title: Request for Waiver of Domestic Vat of US (Record no. 2135)

MARC details
000 -LEADER
fixed length control field 00796nam a2200145Ia 4500
008 - FIXED-LENGTH DATA ELEMENTS--GENERAL INFORMATION
fixed length control field 240429s9999||||xx |||||||||||||| ||und||
041 ## - LANGUAGE CODE
Language code of text/sound track or separate title eng
082 ## - DEWEY DECIMAL CLASSIFICATION NUMBER
Classification number PM/WODV/22 C1
100 ## - MAIN ENTRY--PERSONAL NAME
Personal name Parliament of Ghana
245 #0 - TITLE STATEMENT
Title Memorandum to Parliament Submitted by: Ken Ofori-Atta (Minister for Finance) Title: Request for Waiver of Domestic Vat of US
-- ,825,276.40 on Materials and Works/Services Procured for the Implementation of the 132MW Installed Capacity T3 Power Project.2022
300 ## - PHYSICAL DESCRIPTION
Extent 21p
650 ## - SUBJECT ADDED ENTRY--TOPICAL TERM
Topical term or geographic name entry element Memorandum to Parliament Submitted by: Ken Ofori-Atta (Minister for Finance) Title: Request - for Waiver of Domestic Vat of US
Real World Object URI ,825,276.40 on Materials and Works/Services Procured - for the Implementation of the 132MW Installed Capacity T3 Power Project
942 ## - ADDED ENTRY ELEMENTS (KOHA)
Koha item type Memorandum
Holdings
Withdrawn status Lost status Damaged status Not for loan Home library Current library Shelving location Date acquired Total checkouts Full call number Date last seen Copy number Price effective from Koha item type
        Main Library Main Library Open Shelves 20/12/2022   PM/WODV/22 4056 C1 - PM/WODV/22 4057 C2 29/04/2024 1 29/04/2024 Memorandum
©2026  Parliament of Ghana Library - All rights reserved